000
00306nam a22001337a 4500
008
180917b xxu||||| |||| 00| 0 eng d
020
_a
0801671698
041
_a
eng
080
_a
617
100
_a
5
101
_a
KIR
245
_a
Surgery A problem Solving Approach
_c
DavisJ.H
942
_2
udc
_c
BK
999
_c
47831
_d
47831